000
002940000a22000970004500
100
1
_a
Burns, John Barclay (1943-)
245
1
0
_a
Support for the emendation "rehob meqomô" in Job 24:19-20
300
_a
Vol. 39, Num. 4 (Octubre, 1989), Páginas 480-485
773
0
_t
Vetus Testamentum
942
_c
ANA
999
_c
57598
_d
57598